| 000 | 05160nam a2200301 i 4500 | ||
|---|---|---|---|
| 001 | 18367 | ||
| 003 | DO-SdUEMH | ||
| 005 | 20260130144325.0 | ||
| 007 | ta | ||
| 008 | 260130b2017 dr a|||gr|||| 00| 0 spa d | ||
| 020 | _a9789945443622 (serie) | ||
| 020 | _a9789945582482 (v. 237) | ||
| 040 |
_aDO-SdUEMH _bspa _erda |
||
| 041 | _aspa | ||
| 082 | 1 | 4 |
_mRD _bN964l |
| 245 | 1 | 0 | _aNueva literatura económica dominicana : premios de la biblioteca “Juan Pablo Duarte” 2016 / |
| 264 | 0 | 1 |
_aSanto Domingo : _bBanco Central de la Republicas Dominicana, _c2017 |
| 264 | 4 | _c©2017 | |
| 300 |
_axx, 374 paginas : _bilustraciones ; _c23 cm. |
||
| 336 |
_2rdacontent _atexto _btxt |
||
| 337 |
_2rdamedia _asin mediación _bn |
||
| 338 |
_2rdacarrier _avolumen _bnc |
||
| 490 |
_aColección del Banco Central de la Republicas Dominicana ; _v237 |
||
| 490 |
_aNueva literatura económica ; _v21 |
||
| 504 | _aBibliografías al final de cada parte | ||
| 505 | 1 | _aPresentación -- Introducción -- Primera parte. Determinantes del desempleo en la República Dominicana: dinámica temporal y microsimulaciones / Nerys F. Ramírez -- Resumen -- Introducción -- Revisión de la literatura -- Caracterización del mercado laboral -- Datos y metodología -- Datos -- El modelo empírico -- Microsimulaciones con orden de selección no aleatorio -- Resultados -- Determinantes del desempleo -- Determinantes a través del ciclo de vida -- Dimensión territorial de los determinantes -- Dinámica temporal y componente macroeconómico -- Aplicaciones -- Propensión al desempleo y perfiles de población -- Microsimulaciones y políticas públicas -- Conclusiones -- Bibliografía -- Anexos -- Segunda parte. Análisis intertemporal de la hoja de balance de un Banco Central: el caso dominicano / Raúl Ovalle Marte y Francisco A. Ramírez de León -- Resumen -- Introducción -- ¿Necesitan capital los bancos centrales? -- Un marco analítico de la hoja de balance de un banco central -- La restricción presupuestaria intertemporal de un banco central -- La dinámica del capital de un banco central -- Un marco analítico de la hoja de balance de un banco central: aplicaciones al caso dominicano -- Breve historia en el tiempo: el capital del BCRD -- La ley de recapitalización del BCRD -- La restricción presupuestaria intertemporal del BCRD -- La dinámica del capital del BCRD -- Determinantes de la dinámica de la razón capital-PIB -- Proyecciones determinísticas del capital del BCRD -- Proyecciones estocásticas del capital del BCRD -- Conclusiones -- Bibliografía -- Apéndice: derivación de la identidad intertemporal del señoreaje -- Apéndice: valor presente de una perpetuidad creciente -- Apéndice: metodología de proyección de tasas de interés de corto y largo plazo -- Apéndice: simulaciones estocásticas -- Anexos -- Tercera parte. Una estimación del costo en bienestar de la inflación para la República Dominicana / Óscar Iván Pascual Vásquez -- Resumen -- Introducción -- La literatura de los costos de la inflación -- Metodología, variables y datos -- Estimaciones y resultados -- Conclusiones -- Bibliografía -- Apéndice: crisis 2003-2004 y elasticidad de la demanda de dinero -- Apéndice: función de bienestar para la demanda de dinero log-lin -- Anexo: selección del orden del VAR -- Anexo: raíces inversas del VAR -- Cuarta parte. Riqueza e inclusión financiera: un acercamiento a los costos de exclusión financiera en la República Dominicana / Ana Emilia Pimentel Rodríguez y Carlos Alberto Delgado Urbáez -- Resumen -- Introducción -- Panorama general de la inclusión financiera -- Conceptualización -- Caracterización de la inclusión financiera en la República Dominicana -- De la riqueza y su vínculo con la inclusión financiera -- Formalización del concepto de riqueza -- De la inclusión financiera a la riqueza -- Estimación y resultados -- Medición de la riqueza -- Un modelo con inclusión financiera generalizada -- Un modelo con inclusión financiera generalizada y dinámicas de poder -- De lo general a lo particular: detallando por producto financiero -- El costo de estar financieramente excluido -- Conclusiones y recomendaciones de política -- Bibliografía -- Anexos -- Quinta parte. Educación financiera y la planeación para el retiro laboral en la República Dominicana: análisis a partir de modelos de máxima verosimilitud para variables cualitativas / Pilar del Carmen Dolores Mateo Mejía y Antonio María Giraldi Monción -- Resumen -- Introducción -- Revisión de literatura -- Modelo empírico -- Conocimiento financiero como determinante de la planeación para el retiro laboral -- Tipo de planeador: planeador comprometido vs. planeador simple -- Datos -- Estimaciones y resultados -- Estimación de los modelos probit y logit -- Estimación del modelo logit anidado -- Conclusiones y recomendaciones de política pública -- Bibliografía -- Anexos -- Ganadores del Concurso de Economía (1986-2015) -- Jurado del Concurso Anual de Economía Biblioteca “Juan Pablo Duarte” -- Colección del Banco Central de la República Dominicana. | |
| 942 |
_2ddc _n0 _cBK |
||
| 999 |
_c18367 _d18367 |
||